000 00267nam a2200109Ia 4500
008 190802s9999 xx 000 0 und d
100 _aProf. Zahid Mehmood
245 0 _aSukkar Guzari Ka Jaddu
260 _aLahore
_bDar-ul-Shaoor
_c2017
300 _a256:p
942 _cBK
999 _c2424
_d2424